000 00631nam a2200229 a 4500
001 BRCA_5302
005 20190320205026.0
008 021210s1939----ne-a######---#000-0#ger-#
041 _ager
044 _ane
050 4 _aND673
_b.B37 1939
100 1 _aBasin, Germain
_913601
245 1 0 _aMemling
_cvon Germain Basin.
260 _aHolanda
_bPantheon Akademische
_c1939
300 _a39 p.
_bil. (algunas a color), 112 láminas
_c21 cm.
500 _aIncluye índice de ilustraciones
500 _aE80
600 1 4 _aMemling, Hans
_d1430-1494
_910415
650 1 4 _aPintores flamencos
_97571
902 _aGFM
942 _2lcc
_cB
999 _c4996
_d4996